Shadowman: Deadside (1999) #1 /

Our lifetime is determined solely on a singular event. What becomes of one's existence after death? Explore the mysteries of the world beyond, the Deadside, where the end for some is only just the beginning.

Bibliographic Details
Corporate Author: Library Pass, LLC
Other Authors: Jenkins, Paul (writer.)
Format: eBook
Language:English
Published: [United States] : Valiant Entertainment, 2021.
Subjects:
Online Access:Connect to this electronic book (First time users create your free account)

MARC

Tag First Indicator Second Indicator Subfields
LEADER 00000nmm a22000001a 4500
001 in00004616321
006 m|||||o||m||||||||
007 cr|cn |||uuuuu
008 221118s2021 xxu||||eo|||| ||||||eng d
005 20221207214922.0
035 |a (TxWaIVM)IV85395VaSh 
040 |a TxWaIVM  |c TxWaIVM 
245 0 0 |a Shadowman: Deadside (1999) #1 /  |c powered by Library Pass. 
260 3 |a [United States] :  |b Valiant Entertainment,  |c 2021. 
300 |a 1 online resource. 
336 |a text  |b txt  |2 rdacontent 
337 |a computer  |b c  |2 rdamedia 
338 |a online resource  |b cr  |2 rdacarrier 
520 |a Our lifetime is determined solely on a singular event. What becomes of one's existence after death? Explore the mysteries of the world beyond, the Deadside, where the end for some is only just the beginning. 
521 |a 4 
538 |a Requires a valid library card and registration for new users. 
538 |a Mode of access: World Wide Web. 
538 |a System requirements: Flash 10.1 or higher, Windows XP and higher, Internet Explorer 7 and higher, Firefox 3.6 and higher, Google Chrome; Max OS 10.5 and higher, Safari 4 and higher. 
650 0 |a Comic books, strips, etc. 
655 7 |a Electronic books.  |2 local 
655 7 |a Comic books, strips, etc.  |2 gsafd 
650 0 |a Horror comic books, strips, etc. 
655 7 |a Horror comic books, strips, etc.  |2 gsafd 
650 0 |a Comic books, strips, etc. --Superheroes 
655 7 |a Comic books, strips, etc. --Superheroes  |2 gsafd 
650 0 |a Fantasy comic books, strips, etc. 
655 7 |a Fantasy comic books, strips, etc.  |2 gsafd 
700 1 |a Jenkins, Paul.  |e writer. 
700 1 |a Wood, Ashley.  |e artist. 
710 2 |a Library Pass, LLC. 
856 4 0 |u http://proxy.library.tamu.edu/login?url=https://tamu.librarypass.com/product/com.iversecomics.valiant.entertainment.shadowman.deadside.1999.one.english.11162021  |z Connect to this electronic book (First time users create your free account)  |t 0 
955 |a Comics Plus. 
999 f f |s 0f5180d0-b312-45d0-b7c7-c86f950ec858  |i 4d7effbd-b344-411d-9f37-fd39632535ea  |t 0 
952 f f |a Texas A&M University  |b College Station  |c Electronic Resources  |d Available Online  |t 0  |h Library of Congress classification 
998 f f |t 0  |l Available Online